=LDR 00000nam 2200000 4500 =001 000654 =005 20250712030011 =035 ##$$a 0010-0725000522 =007 ta =008 250712################a##########0#ind## =020 ##$$a 978-623-307-720-0 =082 ##$$a 398.209 598 =100 #$$a Beukes, Lauren =245 1#$$a Sepertinya kita akan bermain /$c Lauren Beukes =250 ##$$a Pertama =260 ##$$a Jakarta :$b Badan pengembangan dan pembinaan bahasa,$c Jakarta timur =300 ##$$a 18 hlm. : $b ilus. ; $c 22,9 cm =650 #4$$a Cerita anak Indonesia terjemahan =650 #4$$a Literasi bahan bacaan =700 #$$a Anja Venter =084 ##$$a 398.209 598 BEU s =990 ##$$a TBM202400422